Winning on HR analysis : (Record no. 137859)

MARC details
000 -LEADER
fixed length control field 00684nam a22001937a 4500
005 - DATE AND TIME OF LATEST TRANSACTION
control field 20170329105526.0
010 ## - LCCN (DPL NO)
LC control number ENG-117258
020 ## - INTERNATIONAL STANDARD BOOK NUMBER
Terms of availability 395.00
International Standard Book Number 9789386042415
035 ## - SYSTEM CONTROL NUMBER
System control number EN-100790
037 ## - SOURCE OF ACQUISITION
Source of stock number/acquisition DBAD/PUB
082 ## - DEWEY DECIMAL CLASSIFICATION NUMBER
Classification number 658.3
100 ## - MAIN ENTRY--PERSONAL NAME
Personal name Ramesh Soundararajan
245 ## - TITLE STATEMENT
Title Winning on HR analysis :
Statement of responsibility, etc by Ramesh Soundararajan [and] Kuldeep Singh
Remainder of title leveraging data for competitive advantage /
260 ## - PUBLICATION, DISTRIBUTION, ETC. (IMPRINT)
Place of publication, distribution, etc New Delhi
Name of publisher, distributor, etc SAGE Publications
Date of publication, distribution, etc 2017
270 ## - ADDRESS
Address B1/1-1, Mohan Cooperative Industrial Area, Mathura Road,
City New Delhi
Postal code 110044
300 ## - PHYSICAL DESCRIPTION
Extent xxii,245p.:
Dimensions 22cm(pbk)
Other physical details ill
500 ## - GENERAL NOTE
General note Includes references and index
942 ## - ADDED ENTRY ELEMENTS (KOHA)
Source of classification or shelving scheme Dewey Decimal Classification
Item type English Books
Call number suffix RAM
Classification part 658.3
Holdings
Withdrawn status Lost status Not for loan Collection code Home library Current library Date acquired Source of acquisition Cost, normal purchase price Full call number Barcode Copy number Cost, replacement price Koha item type
      Non-fiction Central Jail Tihar Central Jail Tihar 14/03/2017 DBAD/PUB 395.00 658.3 RAM EN-100790 1 395.00 English Books

© Delhi Public Library
Hit Counter
free hit counter